000 00974cam a22003137a 4500
003 CHAP
005 20220329133719.0
008 971013s1993 r 00010 d
010 _a9846
011 _a10818
035 _a10056
040 _cCHAP
090 _aFolleto 14224y
100 0 0 _aTanaka, Takashi.
_9111580
245 1 3 _aLa reforma agraria en El Salvador
260 _aNagoya :
_bUniversidad de Nanzan. Centro de Estudios de América Latina,
_c1993
300 _a32 p.
490 0 _aMonografía
_v; 11
590 _aBATCH-UPD
_b10
_c20130110
_lUCH01
_h0031
590 _aBATCH-UPD
_b10
_c20130110
_lUCH01
_h2146
590 _aBATCH-UPD
_b10
_c20130410
_lUCH01
_h1454
590 _aBATCH-UPD
_b10
_c20130914
_lUCH01
_h1829
590 _aCONVERSION
_b10
_c20130109
_lUCH01
_h1306
650 1 4 _aReforma agraria
_xEl Salvador.
_995543
830 0 _aMonografía
_v; 11
_977546
901 _aBK
942 _cFOLL
949 _aFolleto 14224y
_bBC
_cFOLL
_d-21424
_eTS1
_i10056
_si
999 _c9846
_d9846